书目信息 |
| 题名: |
解忧程序员
|
|
| 作者: | 安晓辉 著 | |
| 分册: | ||
| 出版信息: | 北京 电子工业出版社 2017.10 |
|
| 页数: | 317页 | |
| 开本: | 24cm | |
| 丛书名: | ||
| 单 册: | ||
| 中图分类: | F490.6 , TP311.1-62 | |
| 科图分类: | ||
| 主题词: | 程序设计--工程技术人员--基本知识 , 软件 | |
| 电子资源: | ||
| ISBN: | 978-7-121-32610-3 | |
| 000 | 00777nam0 2200241 450 | |
| 001 | 3841 | |
| 005 | 20181008171334.75 | |
| 010 | @a978-7-121-32610-3@dCNY59.80 | |
| 100 | @a20180217d2017 em y0chiy50 ea | |
| 101 | 0 | @achi |
| 102 | @aCN@b110000 | |
| 105 | @aa z 000yy | |
| 200 | 1 | @a解忧程序员@9jie you cheng xu yuan@e高薪编程、求职面试与成长转型宝典@f安晓辉著 |
| 210 | @a北京@c电子工业出版社@d2017.10 | |
| 215 | @a317页@c图@d24cm | |
| 330 | @a本书深入浅出,从各个角度解读了程序员这个特定人群,在日常程序设计工作中遇到的种种问题及解决办法。 | |
| 606 | 0 | @a程序设计@x工程技术人员@x基本知识 |
| 606 | 0 | @a软件 |
| 690 | @aF490.6@v5 | |
| 690 | @aTP311.1-62@v4 | |
| 701 | 0 | @a安晓辉@9an xiao hui@4著 |
| 801 | 0 | @aCN@b91MARC@c20180217 |
| 905 | @aMuseLib@dTP311.1-62@e1279 | |
| 解忧程序员:高薪编程、求职面试与成长转型宝典/安晓辉著.-北京:电子工业出版社,2017.10 |
| 317页:图;24cm |
| ISBN 978-7-121-32610-3:CNY59.80 |
| 本书深入浅出,从各个角度解读了程序员这个特定人群,在日常程序设计工作中遇到的种种问题及解决办法。 |
| ● |
| 相关链接 |
|
|
|
|
正题名:解忧程序员
索取号:TP311.1-62/1279
 
预约/预借
| 序号 | 登录号 | 条形码 | 馆藏地/架位号 | 状态 | 备注 |
| 1 | 1123913 | 211239131 | 第二样本阅览室/ [索取号:TP311.1-62/1279] | 在馆 | |
| 2 | 1123914 | 211239140 | 第三借阅区/ [索取号:TP311.1-62/1279] | 在馆 | |
| 3 | 1123915 | 211239159 | 第三借阅区/ [索取号:TP311.1-62/1279] | 在馆 |